|
|
|
|
| LEADER |
00000nab#a22000007a#4500 |
| 001 |
arbauad047067 |
| 003 |
AR-BaUAD |
| 005 |
20250711113618.0 |
| 008 |
001002|||||||||###||||||b###|0###a|spa|| |
| 040 |
|
|
|a AR-BaUAD
|c AR-BaUAD
|b spa
|
| 100 |
|
|
|a Gazzaniga, Luca
|
| 245 |
|
|
|a All'interno dell'accademia di Mendrisio /
|c Luca Gazzaniga;
|
| 300 |
0 |
|
|b fot.
|
| 653 |
|
|
|a SUIZA
|
| 653 |
|
|
|a MENDRISIO
|
| 653 |
|
|
|a ACADEMIAS
|
| 653 |
|
|
|a ACADEMIA DE ARQUITECTURA
|
| 653 |
|
|
|a PEDAGOGIA
|
| 653 |
|
|
|a METODOLOGIA
|
| 653 |
|
|
|a ARQUITECTURA
|
| 773 |
0 |
|
|t OTTAGONO
|g no. 138 [jun.-jul. 2000], p. 108-109
|
| 942 |
|
|
|c ARTI
|
| 952 |
|
|
|0 0
|1 0
|4 0
|7 0
|9 91986
|a AR-BAuAD
|b AR-BAuAD
|d 2025-07-11
|l 0
|p AAQA047067
|r 2025-07-11 11:36:18
|w 2025-07-11
|y ARTI
|
| 990 |
|
|
|a AQ200
|b TD
|
| 998 |
|
|
|a AAQ
|b BIBUN76
|
| 999 |
|
|
|c 71659
|d 71659
|